MAASAI MARA UNIVERSITY

LIBRARY CATALOGUE

Contact Us: +254 020 2685356/7 or 0774 057787

Box: 861-20500, NAROK, KENYA

Email: info@mmarau.ac.ke

Theological Incorrectness: (Record no. 21032)

MARC details
000 -LEADER
fixed length control field 00597nam a22001937a 4500
003 - CONTROL NUMBER IDENTIFIER
control field OSt
005 - DATE AND TIME OF LATEST TRANSACTION
control field 20210614113256.0
008 - FIXED-LENGTH DATA ELEMENTS--GENERAL INFORMATION
fixed length control field 170123b xxu||||| |||| 00| 0 eng d
020 ## - INTERNATIONAL STANDARD BOOK NUMBER
International Standard Book Number 9780195335613
040 ## - CATALOGING SOURCE
Original cataloging agency MMU
Language of cataloging eng.
Transcribing agency MMU
Modifying agency MMU
050 ## - LIBRARY OF CONGRESS CALL NUMBER
Classification number BL53.S575 2004
100 ## - MAIN ENTRY--PERSONAL NAME
Personal name Slone,Jason D.
245 ## - TITLE STATEMENT
Title Theological Incorrectness:
Remainder of title why religious people believe what they shouldn't/
Statement of responsibility, etc. D. Jason Slone.
260 ## - PUBLICATION, DISTRIBUTION, ETC. (IMPRINT)
Place of publication, distribution, etc. New York:
Name of publisher, distributor, etc. Oxford University Press,
Date of publication, distribution, etc. 2004.
300 ## - PHYSICAL DESCRIPTION
Extent ix,156 p. :
500 ## - GENERAL NOTE
General note Includes bibliographical references and index
650 ## - SUBJECT ADDED ENTRY--TOPICAL TERM
Topical term or geographic name as entry element Theology
942 ## - ADDED ENTRY ELEMENTS (KOHA)
Source of classification or shelving scheme Library of Congress Classification
Koha item type L
Holdings
Withdrawn status Lost status Source of classification or shelving scheme Damaged status Not for loan Home library Current library Date acquired Source of acquisition Total Checkouts Full call number Barcode Date last seen Price effective from Koha item type Date last checked out
    Library of Congress Classification     Maasai Mara University Library -Main Campus Maasai Mara University Library -Main Campus 01/23/2017 Donation-T4C   BL53.S575 2004 17020265 01/23/2017 01/23/2017 L  
    Library of Congress Classification     Maasai Mara University Library -Main Campus Maasai Mara University Library -Main Campus 01/24/2017 Donation-T4C   BL53.S575 2004 17020324 01/24/2017 01/24/2017 L  
    Library of Congress Classification     Maasai Mara University Library -Main Campus Maasai Mara University Library -Main Campus 02/02/2017 Donation -T4C 1 BL53.S575 2004 17023969 02/15/2019 02/02/2017 L 02/04/2019
    Library of Congress Classification     Maasai Mara University Library -Main Campus Maasai Mara University Library -Main Campus 02/21/2017 Donation -T4C 1 BL53.S575 2004 17024761 03/27/2017 02/21/2017 L 03/23/2017
    Library of Congress Classification     Maasai Mara University Library -Main Campus Maasai Mara University Library -Main Campus 02/22/2017 Donation -T4C 1 BL53 .S575 2004 17024806 02/03/2018 02/22/2017 L 01/25/2018
    Library of Congress Classification     Maasai Mara University Library -Main Campus Maasai Mara University Library -Main Campus 03/20/2017 DonationT4C   BL53 .S575 2004 17028387 11/08/2023 03/20/2017 L  
    Library of Congress Classification     Maasai Mara University Library -Main Campus Maasai Mara University Library -Main Campus 11/15/2017 Donation -T4C 4 BL53 .S575 2004 17020638 11/05/2018 11/15/2017 L 11/05/2018
© 2016 Maasai Mara University.